[Event "Campo Grande Sul Mato op"]
[Site "Campo Grande"]
[Date "2015.09.07"]
[Round "5"]
[White "De Oliveira Lemos, Camila"]
[Black "Mendonca, Erico"]
[Result "0-1"]
[WhiteElo "1720"]
[BlackElo "1816"]
[PlyCount "64"]
[EventDate "2015.09.05"]
[EventType "swiss"]
[EventRounds "6"]
[EventCountry "BRA"]
[SourceTitle "EXT 2016"]
[Source "ChessBase"]
[SourceDate "2015.10.08"]
[SourceVersion "1"]
[SourceVersionDate "2015.10.08"]
[SourceQuality "1"]

1. d4 d5 2. c4 e6 3. Nc3 Bb4 4. Bd2 Bxc3 5. Bxc3 dxc4 6. e4 b5 7. f3 Bb7 8. Qd2 Nf6 9. 0-0-0 0-0 10. Re1 c6 11. Ne2 a5 12. Nf4 b4 13. Bxc4 Qc7 14. a4 bxc3 15. bxc3 Nbd7 16. e5 Nd5 17. Nd3 Rfd8 18. h4 Ba6 19. Bb3 c5 20. Bc2 cxd4 21. cxd4 Nf8 22. Nc5 Nb4 23. Bb1 Rac8 24. Kd1 Qb6 25. Nb3 Qc6 26. Be4 Qxa4 27. Re3 Nc6 28. d5 Nxe5 29. Bc2 Nc4 30. Re4 Rxd5 31. Nd4 Nb2+ 32. Ke1 Qa1+ 0-1